[Event "Reykjavik Open 2016"]
[Site "Reykjavik ISL"]
[Date "2016.03.13"]
[Round "7.68"]
[White "Thorhallsson, Gylfi"]
[Black "Mai, Alexander Oliver"]
[Result "0-1"]
[WhiteElo "2089"]
[BlackElo "1558"]
[WhiteFideId "2300800"]
[BlackFideId "2313391"]
[EventDate "2016.03.08"]

1. e4 e5 2. Nf3 Nc6 3. Bb5 a6 4. Ba4 Nf6 5. O-O Be7 6. Re1 b5 7. Bb3 O-O 8. a4
Bb7 9. Nc3 b4 10. Nd5 d6 11. d3 Nxd5 12. Bxd5 Na5 13. Ba2 c5 14. c3 Nc6 15. d4
Bf6 16. dxc5 dxc5 17. Qxd8 Raxd8 18. Be3 Be7 19. Bd5 Bd6 20. cxb4 cxb4 21. Rac1
Rc8 22. Red1 Na5 23. Bxf7+ Kxf7 24. Rxc8 Rxc8 25. Rxd6 Bxe4 26. Ng5+ Ke7 27.
Nxe4 Rc4 28. Rxa6 Nb3 29. f3 Rc2 30. Rb6 Re2 31. Bg5+ 0-1

[Event "Reykjavik Open 2016"]
[Site "Reykjavik ISL"]
[Date "2016.03.13"]
[Round "7.69"]
[White "Hjaltalin, Thor"]
[Black "Lochte, Thomas"]
[Result "1/2-1/2"]
[WhiteElo "1580"]
[BlackElo "2067"]
[WhiteFideId "2310813"]
[BlackFideId "4606272"]
[EventDate "2016.03.08"]

1. d4 Nf6 2. Nf3 c5 3. e3 e6 4. Bd3 d5 5. b3 cxd4 6. exd4 Nc6 7. O-O Bd6 8. Bb2
Qc7 9. a3 g5 10. Re1 g4 11. Ne5 Rg8 12. Qd2 Bd7 13. Qf4 Ke7 14. c4 Raf8 15. Nc3
Ne4 16. Nxe4 dxe4 17. Qxe4 Rg5 18. Qxh7 Nxe5 19. dxe5 Bxe5 20. Bxe5 Rxe5 21.
Qh4+ f6 22. Qxg4 Rg5 23. Qh4 Rfg8 24. g3 Rg4 25. Qh3 e5 26. Qh6 Qb6 27. b4 Rxg3+
28. hxg3 Rxg3+ 29. Kf1 Bh3+ 30. Ke2 Bg4+ 31. Kf1 Bh3+ 32. Ke2 Bg4+ 33. Kf1 Bh3+ 1/2-1/2

[Event "Reykjavik Open 2016"]
[Site "Reykjavik ISL"]
[Date "2016.03.13"]
[Round "7.70"]
[White "Dougherty, Michael"]
[Black "Hielscher, Ursula"]
[Result "1-0"]
[WhiteTitle "FM"]
[WhiteElo "2169"]
[BlackElo "1875"]
[WhiteFideId "2601559"]
[BlackFideId "4658965"]
[EventDate "2016.03.08"]

1. d4 Nf6 2. Nf3 g6 3. Bg5 Bg7 4. Nbd2 d5 5. e3 O-O 6. Bd3 c6 7. c3 Bg4 8. h3
Be6 9. b4 Ne8 10. Qc2 Nd6 11. O-O Bf5 12. Bxf5 Nxf5 13. e4 dxe4 14. Qxe4 f6 15.
Bf4 Re8 16. Qe6+ Kh8 17. Rfe1 Na6 18. Rad1 Nc7 19. Qb3 Nd5 20. Bh2 a5 21. bxa5
Qxa5 22. Ne4 Qxa2 23. Qxb7 Qa6 24. Rb1 Qxb7 25. Rxb7 Ra3 26. c4 Nc3 27. Nd6 Nxd6
28. Bxd6 Ra2 29. Rexe7 Rg8 30. Rec7 Raa8 31. Rxc6 Ra1+ 32. Kh2 Ne4 33. Rb8 Rxb8
34. Bxb8 Bh6 35. Bg3 Kg7 36. d5 f5 37. Be5+ 1-0

[Event "Reykjavik Open 2016"]
[Site "Reykjavik ISL"]
[Date "2016.03.13"]
[Round "7.71"]
[White "Fransson, Lennart"]
[Black "Sigurdsson, Birkir Karl"]
[Result "1-0"]
[WhiteElo "2144"]
[BlackElo "1857"]
[WhiteFideId "1706756"]
[BlackFideId "2304180"]
[EventDate "2016.03.08"]

1. c4 Nf6 2. g3 e6 3. Bg2 d5 4. Nf3 Be7 5. O-O O-O 6. d4 b6 7. Nc3 Bb7 8. cxd5
Nxd5 9. Nxd5 exd5 10. Be3 Bf6 11. Qd2 Nd7 12. Rac1 Rc8 13. Rfd1 Qe7 14. Ne1 Rfd8
15. Nd3 c5 16. dxc5 Nxc5 17. Nxc5 bxc5 18. Qc2 d4 19. Bxb7 Qxb7 20. Bf4 c4 21.
h4 c3 22. b3 Qb5 23. Rd3 g6 24. Rcd1 Re8 25. e3 dxe3 26. Bxe3 a5 27. Rd5 Qb4 28.
Bd4 Bxd4 29. R5xd4 Qa3 30. Rb1 Qe7 31. Rd3 Qa3 32. Rxc3 Rcd8 33. Rc7 Qb4 34. Qc4
Qxc4 35. bxc4 Rd2 36. Rbb7 Rf8 37. a3 Rd3 38. Rb2 Rxa3 39. Rc2 Ra1+ 40. Kg2 a4
41. Ra7 Rb8 42. c5 a3 43. c6 Rb2 44. Rc3 Rb8 45. Raxa3 Rxa3 46. Rxa3 Rc8 47. Rc3
Kf8 48. Kf3 Ke7 49. Kf4 Kf6 50. c7 Ke6 51. Kg5 h5 52. Kh6 Kf6 53. Rc6+ Ke7 54.
Kg7 Ke8 55. Rc2 1-0

[Event "Reykjavik Open 2016"]
[Site "Reykjavik ISL"]
[Date "2016.03.13"]
[Round "7.72"]
[White "Hauksson, Hordur Aron"]
[Black "Darnell, Anton"]
[Result "1/2-1/2"]
[WhiteElo "1873"]
[BlackElo "2110"]
[WhiteFideId "2303680"]
[BlackFideId "1720244"]
[EventDate "2016.03.08"]

1. d4 d5 2. c4 dxc4 3. Nc3 a6 4. a4 Nc6 5. e3 Na5 6. Nf3 Nf6 7. Ne5 Be6 8. e4 c6
9. Be3 Nd7 10. Nxd7 Bxd7 11. d5 Nb3 12. Rb1 b5 13. axb5 cxb5 14. f4 Qc7 15. e5
Bf5 16. Kf2 Rd8 17. Be2 g6 18. d6 exd6 19. Nd5 Qb8 20. Nf6+ Ke7 21. Nd5+ Ke8 22.
Nf6+ Ke7 23. Nd5+ Kd7 24. Bb6 Rc8 25. Nf6+ Ke7 26. Nd5+ Kd7 27. Nf6+ Ke7 28.
Nd5+ Kd7 29. Nf6+ 1/2-1/2

[Event "Reykjavik Open 2016"]
[Site "Reykjavik ISL"]
[Date "2016.03.13"]
[Round "7.73"]
[White "Arnarsson, Hrannar"]
[Black "Kakulidis, Ellen"]
[Result "1-0"]
[WhiteElo "2089"]
[BlackElo "1843"]
[WhiteFideId "2301121"]
[BlackFideId "1444972"]
[EventDate "2016.03.08"]

1. e4 c5 2. Nf3 e6 3. d4 cxd4 4. Nxd4 Nc6 5. Nc3 Qc7 6. g3 a6 7. Bg2 Nf6 8. O-O
Be7 9. Re1 O-O 10. a3 Rb8 11. e5 Nxd4 12. Qxd4 Ne8 13. Bf4 d5 14. exd6 Bxd6 15.
Bxd6 Qxd6 16. Rad1 Qxd4 17. Rxd4 Nf6 18. Na4 h6 19. Nb6 Re8 20. f4 Kf8 21. c4
Ke7 22. Red1 Ng4 23. R4d3 h5 24. h3 Nh6 25. c5 f6 26. b4 a5 27. Nxc8+ Rexc8 28.
Rd7+ Kf8 29. Bxb7 Re8 30. bxa5 Nf7 31. a6 Nd8 32. Rxd8 Rexd8 33. Rxd8+ Rxd8 34.
a7 e5 35. fxe5 1-0

[Event "Reykjavik Open 2016"]
[Site "Reykjavik ISL"]
[Date "2016.03.13"]
[Round "7.74"]
[White "Dekker, Derk"]
[Black "Raddatz, Michael"]
[Result "0-1"]
[WhiteElo "1861"]
[BlackElo "2023"]
[WhiteFideId "1039679"]
[BlackFideId "4613252"]
[EventDate "2016.03.08"]

1. e4 c5 2. Nf3 Nc6 3. Bb5 Nd4 4. Nxd4 cxd4 5. O-O Nf6 6. Re1 Qa5 7. Bf1 e6 8.
c3 Qe5 9. d3 Bc5 10. Qf3 O-O 11. Be2 d5 12. Bd1 dxe4 13. dxe4 Bd6 14. g3 Nd7 15.
Bf4 Qc5 16. Bxd6 Qxd6 17. Qd3 e5 18. cxd4 exd4 19. f4 Nc5 20. Qd2 Rd8 21. Na3 d3
22. Kg2 Qd4 23. Bf3 Bd7 24. Qe3 Qxb2+ 0-1

[Event "Reykjavik Open 2016"]
[Site "Reykjavik ISL"]
[Date "2016.03.13"]
[Round "7.75"]
[White "Schadd, Jan"]
[Black "Birkisson, Bardur Orn"]
[Result "0-1"]
[WhiteElo "1864"]
[BlackElo "2017"]
[WhiteFideId "1047230"]
[BlackFideId "2310597"]
[EventDate "2016.03.08"]

1. Nf3 d5 2. b3 c5 3. e3 Nf6 4. Bb2 e6 5. Bb5+ Bd7 6. Qe2 Bd6 7. O-O a6 8. Bxd7+
Nbxd7 9. d3 e5 10. c4 O-O 11. cxd5 Nxd5 12. Nbd2 Qe7 13. Rae1 Rac8 14. Ne4 Bb8
15. d4 f5 16. Nxc5 e4 17. Nxd7 exf3 18. Qxf3 Qxd7 19. Rc1 Qd6 20. g3 Qe6 21. Rc5
Rcd8 22. Rfc1 Qe4 0-1

[Event "Reykjavik Open 2016"]
[Site "Reykjavik ISL"]
[Date "2016.03.13"]
[Round "7.76"]
[White "Baumgartner, Christopher"]
[Black "Mehringer, Joerg"]
[Result "1/2-1/2"]
[BlackTitle "AIM"]
[WhiteElo "1821"]
[BlackElo "2000"]
[WhiteFideId "2022087"]
[BlackFideId "12915351"]
[EventDate "2016.03.08"]

1. b3 Nf6 2. Bb2 g6 3. e3 Bg7 4. d4 d5 5. Nf3 O-O 6. Be2 b6 7. O-O Bb7 8. Ne5
Nbd7 9. Nd2 Nxe5 10. dxe5 Ne4 11. Nxe4 dxe4 12. Qxd8 Raxd8 13. Rad1 e6 14. c4 c5
15. Rxd8 Rxd8 16. Rd1 Rxd1+ 17. Bxd1 Kf8 18. f4 exf3 19. Bxf3 Bc8 20. Kf2 Ke7
21. Ke2 Kd7 22. a4 Kc7 23. Bc3 Bd7 24. Kd3 a6 25. Ke4 Bc6+ 26. Kd3 Be8 27. Ke4
Bd7 28. Kd3 Kb8 29. Ke4 Ka7 30. Kd3 b5 31. a5 b4 32. Bb2 Kb8 33. g4 Bf8 34. Bc1
Be7 35. e4 Kc7 36. g5 Kc6 37. Bd1 Bd8 38. h4 Bxa5 39. Bb2 Bc7 40. Bc2 Kb6 41.
Kd2 a5 42. Ba1 a4 43. Kd3 Ka5 44. Kd2 axb3 45. Bxb3 Ba4 46. Kc2 Bd8 47. Bb2 Be7
48. Ba1 Bxb3+ 49. Kxb3 Kb6 50. Bb2 Kc7 51. Ka4 Kc6 52. Kb3 Bf8 53. Bc1 Bg7 54.
Bf4 Kb6 55. Ka4 Ka6 56. Bg3 h5 57. Bf4 Bf8 58. Bg3 Be7 59. Bf4 Bd8 60. Bc1 Ba5
61. Kb3 Bc7 62. Bb2 Kb7 63. Ka4 Kc6 64. Kb3 Bd8 65. Bc1 Kb7 66. Be3 Bc7 67. Bf4
Ka6 68. Bg3 Kb6 69. Bf4 Kc6 70. Bg3 Kd7 71. Bf4 Bd8 72. Be3 Kc6 1/2-1/2

[Event "Reykjavik Open 2016"]
[Site "Reykjavik ISL"]
[Date "2016.03.13"]
[Round "7.77"]
[White "Fischer, Robert"]
[Black "Skulason, Johann"]
[Result "1-0"]
[WhiteElo "1993"]
[BlackElo "1747"]
[WhiteFideId "2008653"]
[BlackFideId "1733915"]
[EventDate "2016.03.08"]

1. Nf3 f5 2. g3 Nf6 3. Bg2 e6 4. O-O Be7 5. d4 O-O 6. c4 Ne4 7. Nfd2 d5 8. Qb3
a5 9. Nc3 c6 10. cxd5 Nxc3 11. bxc3 cxd5 12. Ba3 Bxa3 13. Qxa3 Bd7 14. Nb3 Bc6
15. Rab1 Nd7 16. Qd6 Rf6 17. Qf4 Qe7 18. Qc7 Qa3 19. Ra1 Rf7 20. Rfc1 a4 21. Na5
Nf8 22. Qb6 Nd7 23. Qb4 Qxb4 24. cxb4 Rb8 25. Nxc6 bxc6 26. a3 Rc8 27. e3 Nb6
28. Bf1 Kf8 29. Rc3 Ke7 30. Rac1 Kd6 31. Ba6 Rcc7 32. Kf1 g5 33. Ke2 f4 34. exf4
gxf4 35. g4 Nd7 36. Bb5 Nb8 37. Bxa4 e5 38. dxe5+ Kxe5 39. Bxc6 f3+ 40. Kd3 Rf4
41. h3 Rcf7 42. Re1+ Kd6 43. b5 h5 44. gxh5 Rh4 45. Re8 d4 46. Rc2 Nd7 47. Rd8
Rxh5 48. a4 Rxh3 49. Rxd7+ Rxd7 50. Bxd7 Kxd7 51. Ra2 Kc7 52. a5 Rh4 53. b6+ Kb8
54. a6 Rh1 55. a7+ 1-0

[Event "Reykjavik Open 2016"]
[Site "Reykjavik ISL"]
[Date "2016.03.13"]
[Round "7.78"]
[White "Korning, Peter"]
[Black "Enersen, Eirik S."]
[Result "1/2-1/2"]
[WhiteElo "1987"]
[BlackElo "1689"]
[WhiteFideId "1723332"]
[BlackFideId "1520784"]
[EventDate "2016.03.08"]

1. d4 e6 2. e4 d5 3. Nc3 dxe4 4. Nxe4 Bd7 5. Nf3 Bc6 6. Bd3 Nd7 7. O-O Ngf6 8.
Nxf6+ Qxf6 9. c3 Bxf3 10. Qxf3 Qxf3 11. gxf3 Bd6 12. c4 c6 13. Bd2 Nf6 14. Rfe1
O-O 15. Bc3 Rfd8 16. b4 b5 17. a4 bxc4 18. Bxc4 Nd5 19. Bxd5 cxd5 20. b5 Rdc8
21. Bd2 Rc4 22. Be3 Bb4 23. Rec1 Ba5 24. Kf1 Rac8 25. Ke2 Bc3 26. Ra2 Ba5 27.
Rxc4 Rxc4 28. f4 Kf8 29. f5 exf5 30. Bf4 Bc7 31. Bd2 Rxd4 32. a5 Re4+ 33. Kd3
Re6 34. b6 axb6 35. Bb4+ Bd6 36. a6 Bxb4 37. a7 Re8 38. a8=Q Rxa8 39. Rxa8+ Ke7
40. Kd4 Bc5+ 41. Kxd5 Bxf2 42. Ke5 g6 43. Ra7+ Kf8 44. Rb7 Bc5 45. Rb8+ Kg7 46.
Rb7 Bg1 47. h3 Be3 48. Rd7 f4 49. Ke4 Kf6 50. Rc7 Ke6 51. Rc6+ Kd7 52. Rf6 Ke7
53. Rc6 f5+ 54. Kf3 Kd7 55. Rf6 Ke7 56. Rc6 Kf7 57. Rc7+ Kg8 58. Rd7 h5 59. h4
Kf8 60. Rb7 Kg8 61. Rd7 b5 62. Rb7 Bd2 63. Rxb5 Be1 64. Kxf4 Bxh4 65. Rb7 Bf6
66. Rd7 Kf8 67. Rb7 h4 68. Rd7 Ke8 69. Rh7 Kf8 70. Rb7 Kg8 1/2-1/2

[Event "Reykjavik Open 2016"]
[Site "Reykjavik ISL"]
[Date "2016.03.13"]
[Round "7.79"]
[White "Murray, Michael A."]
[Black "Sigurdarson, Alec Elias"]
[Result "1/2-1/2"]
[WhiteElo "1938"]
[BlackElo "1365"]
[WhiteFideId "2609126"]
[BlackFideId "2311003"]
[EventDate "2016.03.08"]

1. e4 e6 2. b3 d5 3. Bb2 dxe4 4. Nc3 Nf6 5. Qe2 Bb4 6. O-O-O Bxc3 7. dxc3 Qe7 8.
g4 e5 9. h3 h6 10. Bg2 O-O 11. Bxe4 Nxe4 12. Qxe4 Qg5+ 13. Kb1 Nc6 14. Bc1 Qh4
15. Nf3 Qe7 16. Rhe1 f5 17. Qa4 fxg4 18. Ba3 Qf6 19. Bxf8 Qxf3 20. Ba3 gxh3 21.
Qc4+ Kh7 22. Bc5 Bf5 23. Be3 Rd8 24. Rxd8 Nxd8 25. Qxc7 h2 26. Qxd8 h1=Q 27.
Rxh1 Qxh1+ 28. Kb2 Qe4 29. Qd1 a6 30. c4 Bg4 1/2-1/2

[Event "Reykjavik Open 2016"]
[Site "Reykjavik ISL"]
[Date "2016.03.13"]
[Round "7.80"]
[White "Haraldsson, Oskar"]
[Black "Birkisson, Bjorn Holm"]
[Result "0-1"]
[WhiteElo "1765"]
[BlackElo "1929"]
[WhiteFideId "2301865"]
[BlackFideId "2310600"]
[EventDate "2016.03.08"]

1. e4 c5 2. Nf3 d6 3. d4 cxd4 4. Nxd4 Nf6 5. Nc3 g6 6. Be3 Bg7 7. Bc4 O-O 8. Qd2
Ng4 9. Bg5 Nc6 10. Nxc6 bxc6 11. O-O-O Be6 12. Bxe6 fxe6 13. f3 Ne5 14. h4 Qa5
15. Rdf1 Nc4 16. Qd3 Nxb2 17. Kxb2 Rfb8+ 18. Kc1 Bxc3 19. f4 Rb1+ 20. Kxb1 Qa3
21. Qxc3 Qxc3 22. Bxe7 Rb8+ 23. Kc1 Rb2 24. Rf2 Rxa2 0-1

[Event "Reykjavik Open 2016"]
[Site "Reykjavik ISL"]
[Date "2016.03.13"]
[Round "7.81"]
[White "Gunnarsson, Helgi Petur"]
[Black "Acevedo Mendez, Lisseth"]
[Result "1-0"]
[WhiteElo "1737"]
[BlackElo "1886"]
[WhiteFideId "2302519"]
[BlackFideId "6502938"]
[EventDate "2016.03.08"]

1. e4 e5 2. Nf3 Nc6 3. d4 exd4 4. Nxd4 Nf6 5. Nxc6 bxc6 6. Bd3 d5 7. exd5 cxd5
8. O-O c6 9. Re1+ Be7 10. Bg5 O-O 11. Nc3 Be6 12. h3 Rb8 13. Na4 h6 14. Be3 Qa5
15. c3 c5 16. Nxc5 Bxc5 17. b4 Bxb4 18. cxb4 Qxb4 19. Bxa7 Ra8 20. Be3 Rfd8 21.
Bd4 Nd7 22. Re3 Ra4 23. Bc3 Qa3 24. Bc2 Rc4 25. Bxg7 Qc5 26. Rg3 Qc8 27. Qh5 1-0

[Event "Reykjavik Open 2016"]
[Site "Reykjavik ISL"]
[Date "2016.03.13"]
[Round "7.82"]
[White "Weyer, Hans-Juergen"]
[Black "Driscoll, Walter"]
[Result "1-0"]
[WhiteElo "1967"]
[BlackElo "1810"]
[WhiteFideId "4651758"]
[BlackFideId "2038501"]
[EventDate "2016.03.08"]

1. e4 e5 2. Nf3 Nc6 3. Bb5 f5 4. Nc3 fxe4 5. Nxe4 Nf6 6. d3 d6 7. c3 Be7 8. O-O
O-O 9. h3 a6 10. Ba4 Bf5 11. Ng3 Bd7 12. Re1 Na5 13. b4 b5 14. Bc2 Nb7 15. Bb3+
Kh8 16. Ng5 Qe8 17. d4 c5 18. bxc5 dxc5 19. dxe5 Ng8 20. e6 Bxg5 21. exd7 Qd8
22. Bd5 Bxc1 23. Bxb7 Ra7 24. Rxc1 Rxb7 25. Qd6 Rxd7 26. Qxa6 Rd2 27. Ne4 Rb2
28. Qa3 Rfxf2 29. Nxf2 Qd2 30. Qxc5 Rxa2 31. Rcd1 Qf4 32. Qe3 Qf7 33. Rb1 Qc4
34. Ra1 Rc2 35. Ra8 h6 36. Qe6 Qxe6 37. Rxe6 Kh7 38. Ne4 Rc1+ 39. Kh2 Rb1 40.
Rb8 1-0

[Event "Reykjavik Open 2016"]
[Site "Reykjavik ISL"]
[Date "2016.03.13"]
[Round "7.83"]
[White "De Winter, Eric"]
[Black "Andersen, Niels Erik"]
[Result "0-1"]
[WhiteElo "1808"]
[BlackElo "1947"]
[WhiteFideId "1033069"]
[BlackFideId "1406507"]
[EventDate "2016.03.08"]

1. Nf3 Nf6 2. c4 c5 3. Nc3 Nc6 4. g3 g6 5. Bg2 Bg7 6. O-O O-O 7. d4 cxd4 8. Nxd4
Nxd4 9. Qxd4 d6 10. Qd2 Qc7 11. b3 Rb8 12. Bb2 Qa5 13. Rad1 Qh5 14. Nd5 Nxd5 15.
Bxg7 Kxg7 16. Bxd5 Qe5 17. Bg2 b6 18. Qd4 Qxd4 19. Rxd4 Be6 20. Rfd1 Rfc8 21.
Bd5 Bxd5 22. Rxd5 Rc5 23. Kg2 Kf6 24. a4 Rbc8 25. R5d4 a6 26. R1d3 Re5 27. e3 g5
28. h4 h6 29. hxg5+ hxg5 30. Rd1 Kg6 31. g4 Rec5 32. Re4 Kf6 33. Rh1 e6 34. Rd4
Ke7 35. Rhd1 R8c6 36. f4 b5 37. axb5 axb5 38. cxb5 Rxb5 39. R4d3 gxf4 40. exf4
Rcb6 41. Rb1 d5 42. g5 Rb4 43. Kg3 R6b5 44. Rc3 Kd7 45. Kf3 Rb8 46. Kg3 R8b7 47.
Kf3 Rd4 48. Ra1 Rdb4 49. Rb1 Kd6 50. Kg3 d4 51. Rd3 Kd5 52. Kg4 Ke4 53. Rbd1
R7b5 54. R3d2 Kd5 55. Rd3 Rc5 56. Re1 Rc3 57. Re5+ Kc6 58. Rh3 Rbxb3 59. Rh1 Rb5
60. Re4 Rd5 61. Ra1 d3 62. g6 f5+ 0-1

[Event "Reykjavik Open 2016"]
[Site "Reykjavik ISL"]
[Date "2016.03.13"]
[Round "7.84"]
[White "Bjorgvinsson, Andri Freyr"]
[Black "Mai, Aron Thor"]
[Result "0-1"]
[WhiteElo "1937"]
[BlackElo "1784"]
[WhiteFideId "2306913"]
[BlackFideId "2313383"]
[EventDate "2016.03.08"]

1. e4 e5 2. Nf3 Nc6 3. Bc4 Nf6 4. Ng5 d5 5. exd5 Na5 6. Bb5+ c6 7. dxc6 bxc6 8.
Bd3 Nd5 9. Nf3 Bd6 10. O-O O-O 11. Re1 f5 12. Nxe5 Qf6 13. Nf3 g5 14. c3 g4 15.
Nd4 Nf4 16. Bf1 Qh4 17. g3 Nh3+ 18. Bxh3 Qxh3 19. Qe2 f4 20. d3 c5 21. Nc2 Bb7
22. Qe6+ Kh8 23. Re4 fxg3 24. hxg3 Bxg3 25. Be3 Bh2+ 26. Kh1 Rxf2 0-1

[Event "Reykjavik Open 2016"]
[Site "Reykjavik ISL"]
[Date "2016.03.13"]
[Round "7.85"]
[White "Petersons, Ojars"]
[Black "Eiriksson, Sigurdur"]
[Result "1-0"]
[WhiteElo "1791"]
[BlackElo "1933"]
[WhiteFideId "11607769"]
[BlackFideId "2302314"]
[EventDate "2016.03.08"]

1. d4 Nf6 2. Nf3 g6 3. g3 Bg7 4. Bg2 O-O 5. b3 c5 6. Bb2 cxd4 7. Nxd4 Nc6 8.
Nxc6 dxc6 9. Qxd8 Rxd8 10. Nd2 Bg4 11. h3 Be6 12. O-O-O a5 13. a4 Rac8 14. Nc4
Bxc4 15. bxc4 Nd7 16. Ba3 Kf8 17. c5 Ne5 18. Kb1 Nc4 19. Bc1 Bd4 20. e3 Bxc5 21.
Ka2 Nb6 22. Kb3 Bd6 23. Bd2 Ra8 24. Bc3 Nd7 25. Ra1 Ra6 26. Bf1 Rb6+ 27. Ka2 Bb4
28. Bd4 c5 29. c3 cxd4 30. cxb4 Rxb4 31. Bb5 dxe3 32. Rad1 e2 33. Rxd7 Rc8 34.
Rd2 Rc3 35. Rxe2 Rbb3 36. Rd1 e6 37. Rdd2 h5 38. Rb2 Ra3+ 39. Kb1 h4 40. gxh4
Rxh3 41. Re4 Rh2 42. Kc2 Rf3 43. Re2 Rxh4 44. Rb3 Rf5 45. Rc3 Rhf4 46. Rc8+ Kg7
47. Rc7 Rxf2 48. Rxf2 Rxf2+ 49. Kd3 g5 50. Ke3 Rf5 51. Rxb7 g4 52. Bd3 Rf3+ 53.
Ke4 Kf8 54. Bb5 f5+ 55. Ke5 g3 56. Kf6 Kg8 57. Kg6 Kf8 58. Rf7+ 1-0

[Event "Reykjavik Open 2016"]
[Site "Reykjavik ISL"]
[Date "2016.03.13"]
[Round "7.86"]
[White "Cohen, Lawrence S"]
[Black "Finnsson, Johann Arnar"]
[Result "1-0"]
[WhiteElo "1930"]
[BlackElo "1664"]
[WhiteFideId "2026228"]
[BlackFideId "2308240"]
[EventDate "2016.03.08"]

1. c4 g6 2. g3 Bg7 3. Bg2 e5 4. Nc3 Ne7 5. e3 c5 6. Nge2 Nbc6 7. O-O O-O 8. Nb5
d6 9. d4 a6 10. d5 Nb8 11. Nbc3 Nd7 12. e4 f5 13. Qd3 Nf6 14. f3 Qc7 15. Be3 Bd7
16. a4 b6 17. Qd2 Rf7 18. f4 Ng4 19. fxe5 Nxe5 20. b3 Raf8 21. Rad1 fxe4 22.
Nxe4 Rxf1+ 23. Rxf1 Rxf1+ 24. Kxf1 Nf5 25. Bg5 b5 26. axb5 axb5 27. Nf6+ Bxf6
28. Bxf6 bxc4 29. Bxe5 dxe5 30. bxc4 Qd6 31. Nc3 Qf6 32. Kg1 Nd4 33. Ne4 Qa6 34.
Qf2 Kg7 35. Nxc5 Qd6 36. Nxd7 Qxd7 37. c5 Qb5 38. c6 Qc5 39. Kh1 Qc1+ 40. Qf1
Qc5 41. Qg1 Qd6 42. Qb1 Qc5 43. Qb2 Kh6 44. Qf2 Kg7 45. h3 Qd6 46. Qb2 Qc5 47.
Kh2 Kh6 48. Qb8 Ne2 49. Qb1 Qf2 50. Qd1 Qxg3+ 51. Kh1 Nf4 52. Qf3 Qe1+ 53. Kh2
Nxg2 54. Qxg2 Qb4 55. Qf2 Qd6 56. Qe3+ Kh5 57. Qe4 Kh6 58. h4 Kg7 59. Kg2 Kh6
60. Qe3+ Kg7 61. Qd3 Qc5 62. Kh3 Qd6 63. Qc4 Qc7 64. d6 Qxd6 65. c7 Qd7+ 66. Kg3
Qc8 67. Qc5 h5 68. Qe7+ Kh6 69. Qd8 Qg4+ 70. Kf2 Qf4+ 71. Ke2 Qc4+ 72. Kd2 Qb4+
73. Kd3 e4+ 74. Ke3 Qe1+ 75. Kf4 Qf1+ 76. Kxe4 Qf5+ 77. Kd4 Qf2+ 78. Kd5 Qf5+
79. Kc6 Qc2+ 80. Kd7 Qf5+ 81. Ke8 Qe6+ 82. Qe7 Qc8+ 83. Kf7 Qf5+ 84. Kg8 Qd5+
85. Qf7 g5 1-0

[Event "Reykjavik Open 2016"]
[Site "Reykjavik ISL"]
[Date "2016.03.13"]
[Round "7.87"]
[White "Opasiak, Dustin Tennessee"]
[Black "Knoepfle, Andreas"]
[Result "1-0"]
[WhiteElo "1782"]
[BlackElo "1905"]
[WhiteFideId "24630217"]
[BlackFideId "1270685"]
[EventDate "2016.03.08"]

1. e4 e6 2. d4 d5 3. Nc3 dxe4 4. Nxe4 Nd7 5. Nf3 Ngf6 6. Nxf6+ Nxf6 7. Bd3 c5 8.
Be3 Qc7 9. Qe2 cxd4 10. Bxd4 Bd6 11. O-O-O Bd7 12. Ne5 Qa5 13. Kb1 a6 14. Nxd7
Nxd7 15. Bxg7 Rg8 16. Bc3 Qb6 17. g3 Nc5 18. Bxh7 Na4 19. Qc4 Rg4 20. Qb3 Nxc3+
21. Qxc3 Rd8 22. f3 Rg5 23. f4 Rc5 24. Qf6 Be7 25. Rxd8+ Qxd8 26. Qh8+ Bf8 27.
Kc1 Rd5 28. Qc3 Bc5 29. Qh8+ Bf8 30. Bd3 Qb6 31. Re1 Qf2 32. Re2 Qg1+ 33. Kd2
Qc5 34. Qc3 Qb6 35. a3 Rc5 36. Qb3 Qa5+ 37. Kc1 Qc7 38. Qa4+ Kd8 39. Rd2 Bd6 40.
Be4 Ke7 41. Qb3 Rb5 42. Qf3 Qb6 43. b4 a5 44. c4 Bxb4 45. axb4 Rxb4 46. Qd3 Qg1+
47. Rd1 Qb6 48. Qd7+ Kf8 49. Qd8+ Qxd8 50. Rxd8+ Ke7 51. Rd4 b5 52. Kc2 a4 53.
Bc6 a3 54. Bxb5 Rb2+ 55. Kc3 Rf2 56. Kb3 a2 57. Rd7+ Kf6 58. Ra7 1-0

[Event "Reykjavik Open 2016"]
[Site "Reykjavik ISL"]
[Date "2016.03.13"]
[Round "7.89"]
[White "Kolka, Dawid"]
[Black "Ragnarsson, Heimir Pall"]
[Result "1-0"]
[WhiteElo "1891"]
[BlackElo "1527"]
[WhiteFideId "2308010"]
[BlackFideId "2308860"]
[EventDate "2016.03.08"]

1. e4 Nf6 2. e5 Nd5 3. d4 d6 4. Nf3 dxe5 5. dxe5 Nc6 6. Bc4 e6 7. O-O Bc5 8. Qe2
O-O 9. Rd1 Nce7 10. Bg5 c6 11. Nbd2 Qb6 12. Bb3 Nf5 13. Ne4 h6 14. Bc1 Be7 15.
c3 Nh4 16. Nxh4 Bxh4 17. Qg4 Bxf2+ 18. Nxf2 Ne3 19. Bxe3 Qxe3 20. Qe4 Qb6 21.
Bc2 f5 22. exf6 Rxf6 23. Rd2 Qxb2 24. Qh7+ Kf7 25. Bg6+ Rxg6 26. Rxb2 Bd7 27.
Ne4 Rg4 28. Rf1+ Ke7 29. h3 1-0

[Event "Reykjavik Open 2016"]
[Site "Reykjavik ISL"]
[Date "2016.03.13"]
[Round "7.90"]
[White "Magnusdottir, Veronika Steinunn"]
[Black "Lochte, Szilvia"]
[Result "0-1"]
[WhiteElo "1741"]
[BlackElo "1859"]
[WhiteFideId "2309114"]
[BlackFideId "708410"]
[EventDate "2016.03.08"]

1. e4 c5 2. Nf3 e6 3. d4 cxd4 4. Nxd4 Nc6 5. Nc3 a6 6. Be2 Qc7 7. Be3 Nf6 8. O-O
b5 9. a3 Bb7 10. f4 d6 11. Bf3 Nxd4 12. Qxd4 e5 13. Qd3 Be7 14. Nd5 Nxd5 15.
exd5 Rd8 16. Be4 g6 17. f5 Rc8 18. fxg6 hxg6 19. Bxg6 fxg6 20. Qxg6+ Kd8 21. Qg7
Re8 22. Rf7 Bxd5 23. Rxe7 Rxe7 24. Bg5 Qa7+ 25. Kh1 Bxg2+ 26. Kxg2 Rxc2+ 27. Kh3
Qe3+ 0-1

[Event "Reykjavik Open 2016"]
[Site "Reykjavik ISL"]
[Date "2016.03.13"]
[Round "7.91"]
[White "Heidarsson, Arnar"]
[Black "Heyne, Regina"]
[Result "1/2-1/2"]
[WhiteElo "1333"]
[BlackElo "1858"]
[WhiteFideId "2312875"]
[BlackFideId "4613236"]
[EventDate "2016.03.08"]

1. d4 d5 2. c4 e6 3. Nc3 Nf6 4. Bg5 Be7 5. e3 O-O 6. Nf3 Nbd7 7. cxd5 exd5 8.
Be2 Re8 9. O-O c6 10. Qc2 Nf8 11. h3 Nh5 12. Bxe7 Qxe7 13. Na4 Nf6 14. Qc5 Qc7
15. Rac1 Ne4 16. Qc2 h6 17. Nc3 Bf5 18. Bd3 Qe7 19. Bxe4 dxe4 20. Nd2 Bh7 21.
Qb3 Kh8 22. f4 f5 23. Qd1 Nd7 24. Nb3 Nb6 25. Ne2 Bg8 26. Nd2 Be6 27. Nc3 Rg8
28. Kh2 Nc4 29. Nxc4 Bxc4 30. Rg1 g5 31. g3 gxf4 32. gxf4 Qh4 33. Rxg8+ Rxg8 34.
Qe1 Qh5 35. Rc2 Qf3 36. Qf2 Qh5 37. b3 Bd3 38. Rd2 Qf7 39. Ne2 Qf6 40. Ng3 Qg6
41. Rd1 h5 42. Rg1 Qh7 43. Nh1 Rg6 44. Rxg6 Qxg6 45. Qh4 Kh7 46. Qe7+ Qg7 47.
Qxg7+ Kxg7 48. Ng3 Kg6 49. h4 b5 50. Kg2 b4 51. Nf1 Bb1 52. Kf2 Kf6 53. Ke1 Bxa2
54. Nd2 Ke6 55. Kd1 a5 56. Kc2 a4 57. Kb2 axb3 58. Nxb3 Bxb3 59. Kxb3 1/2-1/2